| 000 | 00414nam a2200145Ia 4500 | ||
|---|---|---|---|
| 008 | 150201s1993 xx 000 0 und d | ||
| 082 |
_a617.643 _bD1993A |
||
| 100 | _aADAMS,C PHILLIP | ||
| 245 | _aTHE DESIGN CONSTRUCTION AND USE OF REMOVABLE ORTHODONTICS APPLIANCES | ||
| 250 | _a6TH | ||
| 260 |
_bW.VARGHESE PUBLICATION _aDADAR (MUMBAI) _c1993 |
||
| 300 | _a1-198 | ||
| 650 | _aORTHODONTICS | ||
| 942 |
_2ddc _cBK _03 |
||
| 999 |
_c4140 _d4140 |
||